A comparative analysis of commercial yield performance of Hevea clones in India (Record no. 53287)

MARC details
000 -LEADER
fixed length control field 01488nam a2200229Ia 4500
100 ## - MAIN ENTRY--AUTHOR NAME
Personal name Joseph T
245 #2 - TITLE STATEMENT
Title A comparative analysis of commercial yield performance of Hevea clones in India
260 ## - PUBLICATION, DISTRIBUTION, ETC. (IMPRINT)
Name of publisher Indian Journal of Natural Rubber Research
Year of publication 1997
300 ## - PHYSICAL DESCRIPTION
Number of Pages 14-Jun
520 ## - SUMMARY, ETC.
Summary, etc The study analysed the comparative commercial yield performance and related aspects of 19 Hevea clones during the first ten years of tapping based on information on 467 fields, in the estate sector, with an area of 6881.24 ha. The analysis covered comparison of yield per ha, yield per tree, share of field coagulum (FC), tappable stand, tapping intensity, season-wise yield composition and a comparison of yield rates of India with those of Malaysia. The clone RRII 105 was found to be the highest yielding and reported relatively lower FC, higher tappable stand and lower tapping intensity. The RRIM clones other than RRIM 600 were low yielding showed diverse trends but among them PB 28/59, PB 260 and PB 217 were found to be high yielding ones. For the eight clones compared, the commercial yield in Malaysia were found to be higher than those in India.
650 ## - SUBJECT ADDED ENTRY--TOPICAL TERM
Topical Term Clone evaluation
650 ## - SUBJECT ADDED ENTRY--TOPICAL TERM
Topical Term Commercial yield
650 ## - SUBJECT ADDED ENTRY--TOPICAL TERM
Topical Term Field coagulum
650 ## - SUBJECT ADDED ENTRY--TOPICAL TERM
Topical Term Natural rubber
650 ## - SUBJECT ADDED ENTRY--TOPICAL TERM
Topical Term Planting material
650 ## - SUBJECT ADDED ENTRY--TOPICAL TERM
Topical Term Tapping intensity
700 ## - ADDED ENTRY--PERSONAL NAME
Personal name Chandy B
700 ## - ADDED ENTRY--PERSONAL NAME
Personal name Lekshmi S
700 ## - ADDED ENTRY--PERSONAL NAME
Personal name Viswanathan P K
942 ## - ADDED ENTRY ELEMENTS (KOHA)
Koha item type Journals
Holdings
Withdrawn status Lost status Damaged status Not for loan Home library Current library Shelving location Date acquired Serial Enumeration / chronology Koha item type
      Journals RRII Library RRII Library Agricultural economics 17/12/2021 Volume 10, Issue 02-Jan Journals